UM Logo

Dual-Pathway PETE/PHETE majors : (Record no. 22405)

MARC details
000 -LEADER
fixed length control field 00888nam a22002297a 4500
003 - CONTROL NUMBER IDENTIFIER
control field OSt
005 - DATE AND TIME OF LATEST TRANSACTION
control field 20250828062518.0
008 - FIXED-LENGTH DATA ELEMENTS--GENERAL INFORMATION
fixed length control field 241009b |||||||| |||| 00| 0 eng d
040 ## - CATALOGING SOURCE
Transcribing agency 0
082 ## - DEWEY DECIMAL CLASSIFICATION NUMBER
Classification number DPer 613.705 J826 January-December 2020 v. 91 n. 1-9
100 ## - MAIN ENTRY--PERSONAL NAME
Personal name Parkes, Craig.
Relator term author.
9 (RLIN) 62642
245 ## - TITLE STATEMENT
Title Dual-Pathway PETE/PHETE majors :
Remainder of title the future of our profession? /
Statement of responsibility, etc. Craig Parkes and Alison Weimer.
260 ## - PUBLICATION, DISTRIBUTION, ETC. (IMPRINT)
Place of publication, distribution, etc. Virginia ;
Name of publisher, distributor, etc. American Alliance for Health ,
Date of publication, distribution, etc. August 2020.
300 ## - PHYSICAL DESCRIPTION
Extent Volume 91, pages 21-29 :
Other physical details illustration ;
Dimensions 28 cm.
500 ## - GENERAL NOTE
General note The Journal of Physical Education Recreation & Dance, vol. 91, no. 6, pages 21-29, August 2020.
650 #0 - SUBJECT ADDED ENTRY--TOPICAL TERM
Topical term or geographic name as entry element Higher education.
9 (RLIN) 2448
650 #0 - SUBJECT ADDED ENTRY--TOPICAL TERM
Topical term or geographic name as entry element Physical education.
9 (RLIN) 50439
650 #0 - SUBJECT ADDED ENTRY--TOPICAL TERM
Topical term or geographic name as entry element Health.
9 (RLIN) 30358
700 ## - ADDED ENTRY--PERSONAL NAME
Personal name Parkes, Craig.
Relator term author.
9 (RLIN) 62642
700 ## - ADDED ENTRY--PERSONAL NAME
Personal name Weimer, Alison.
Relator term author.
9 (RLIN) 66956
942 ## - ADDED ENTRY ELEMENTS (KOHA)
Source of classification or shelving scheme Dewey Decimal Classification
Koha item type Periodicals
Holdings
Withdrawn status Lost status Source of classification or shelving scheme Damaged status Not for loan Collection code Home library Current library Date acquired Total Checkouts Full call number Date last seen Price effective from Koha item type Public note
    Dewey Decimal Classification     Periodicals UM Digos College - LIC UM Digos College - LIC 10/09/2024   DPer 613.705 J826 January-December 2020 v. 91 n. 1-9 10/09/2024 10/09/2024 Periodicals Periodical Article